CISSP COMMON BODY OF KNOWLEDGE REVIEW: SECURITY ARCHITECTURE & DESIGN DOMAIN (Record no. 217064)

MARC details
000 -LEADER
fixed length control field 00483nam a22001457a 4500
008 - FIXED-LENGTH DATA ELEMENTS--GENERAL INFORMATION
fixed length control field 260428b |||||||| |||| 00| 0 eng d
050 ## - LIBRARY OF CONGRESS CALL NUMBER
Classification number QA 76.9 .A25 O99 2012
100 ## - MAIN ENTRY--PERSONAL NAME
Personal name OUYANG, ALFRED.
245 ## - TITLE STATEMENT
Title CISSP COMMON BODY OF KNOWLEDGE REVIEW: SECURITY ARCHITECTURE & DESIGN DOMAIN
260 ## - PUBLICATION, DISTRIBUTION, ETC.
Place of publication, distribution, etc. USA
Name of publisher, distributor, etc. CREAIVE COMMON.
Date of publication, distribution, etc. 2012.
300 ## - PHYSICAL DESCRIPTION
Extent 113 P, ILL
650 ## - SUBJECT ADDED ENTRY
Topical term or geographic name entry element 1. COMPUTER SECURITY 2. INFORMATION TECHNOLOGY- SECURITY MEASURES.
942 ## - ADDED ENTRY ELEMENTS (KOHA)
Source of classification or shelving scheme Library of Congress Classification
Koha item type Long Loan Book
Holdings
Withdrawn status Lost status Source of classification or shelving scheme Damaged status Not for loan Collection Home library Current library Shelving location Date acquired Inventory number Total checkouts Full call number Barcode Date last seen Copy number Price effective from Koha item type
    Library of Congress Classification     Science & Technology Kisii University Library Kisii University Library On Display 04/28/2026 113267   QA 76.9 .A25 O99 2012 A001422 04/28/2026 1 04/28/2026 Long Loan Book
    Library of Congress Classification     Science & Technology Kisii University Library Kisii University Library On Display 04/28/2026 113268   QA 76.9 .A25 O99 2012 A001421 04/28/2026 2 04/28/2026 Long Loan Book
    Library of Congress Classification     Science & Technology Kisii University Library Kisii University Library On Display 04/28/2026 113269   QA 76.9 .A25 O99 2012 A001423 04/28/2026 3 04/28/2026 Long Loan Book